[Event "DEM U10 2018"]
[Site "Willingen GER"]
[Date "2018.05.25"]
[Round "10"]
[White "Udelnov, Valentin"]
[Black "Leubner, Paul Damdin"]
[Result "1-0"]
[Termination "normal"]
[Board "20"]
[WhiteElo "1377"]
[BlackElo "1127"]
[PlyCount "107"]
[WhiteFideId "16265734"]
[BlackFideId "16265858"]
[EventCountry "GER"]
[EventRounds "11"]
[EventType "swiss"]
[EventDate "2018.05.19"]

1. e4 e5 2. Nf3 Nc6 3. Bc4 Nf6 4. d3 Bc5 5. c3 d6 6. O-O Bg4 7. a4 a5 8. Na3 h6
9. Nc2 O-O 10. Be3 Ba7 11. Bxa7 Nxa7 12. Ne3 Bh5 13. Nf5 Nc6 14. Re1 Ne7 15.
Ng3 Bg6 16. Nh4 Bh7 17. Qb3 Qd7 18. Re3 Rfd8 19. Bxf7+ Kf8 20. Be6 Qc6 21. Nhf5
Ng6 22. Rf3 Nf4 23. Nh4 d5 24. exd5 N4xd5 25. Bxd5 Rxd5 26. c4 Rd7 27. Re1 Re8
28. Nh5 Kg8 29. Nxf6+ gxf6 30. Rg3+ Kf8 31. Ng6+ Bxg6 32. Rxg6 Rg7 33. Qa3+ Kg8
34. Rxg7+ Kxg7 35. h3 Kf7 36. b3 Rg8 37. g3 Qf3 38. Re3 Qf5 39. h4 Qh3 40. Qc5
Qd7 41. Qxa5 b6 42. Qc3 Qc6 43. d4 exd4 44. Qxd4 Kg7 45. Qf4 Rd8 46. Qg4+ Kf8
47. Qh5 Kg8 48. Qg6+ Kf8 49. Qxh6+ Kf7 50. Qh7+ Kf8 51. Qh8+ Kf7 52. Qxd8 Kg6
53. Qe8+ Kf5 54. Qxc6 1-0

[Event "DEM U10 2018"]
[Site "Willingen GER"]
[Date "2018.05.25"]
[Round "10"]
[White "Klonov, Jakov"]
[Black "Kamleiter, Noah"]
[Result "1/2-1/2"]
[Termination "normal"]
[Board "21"]
[WhiteElo "1264"]
[BlackElo "1213"]
[PlyCount "122"]
[WhiteFideId "16211928"]
[BlackFideId "16265815"]
[EventCountry "GER"]
[EventRounds "11"]
[EventType "swiss"]
[EventDate "2018.05.19"]

1. e4 c5 2. c3 d5 3. exd5 Qxd5 4. d4 Nf6 5. Nf3 Bg4 6. Be2 e6 7. O-O cxd4 8.
cxd4 Be7 9. Nc3 Qd8 10. h3 Bh5 11. Be3 O-O 12. Rc1 Nc6 13. Qd2 Rc8 14. Rcd1 Qd7
15. d5 exd5 16. Nxd5 Nxd5 17. Qxd5 Qxd5 18. Rxd5 Bg6 19. Rd7 b6 20. Bb5 Bf6 21.
b3 Rfd8 22. Bxc6 Rxc6 23. Rxa7 h6 24. Re1 Re6 25. Ra6 Rb8 26. Rd1 Bc2 27. Rc1
Bd3 28. Ra7 Bb2 29. Rd1 Be2 30. Rd2 Bxf3 31. Rxb2 Rg6 32. g3 Rd8 33. Rb1 Rgd6
34. g4 Be4 35. Rc1 Rd1+ 36. Rxd1 Rxd1+ 37. Kh2 Rh1+ 38. Kg3 Rg1+ 39. Kf4 Bg2
40. h4 Bh3 41. Bxb6 Rxg4+ 42. Kf3 Rxh4 43. Kg3 Rh5 44. a4 Be6 45. b4 Rg5+ 46.
Kf3 Bg4+ 47. Ke3 Bd1 48. b5 Re5+ 49. Kf4 Rh5 50. Bc7 Rh4+ 51. Ke3 Bxa4 52. b6
Bc6 53. b7 Bxb7 54. Rxb7 f6 55. Bg3 Ra4 56. Rb3 g5 57. Kf3 Kg7 58. Re3 Kg6 59.
Re4 Rxe4 60. Kxe4 f5+ 61. Kf3 h5 1/2-1/2

[Event "DEM U10 2018"]
[Site "Willingen GER"]
[Date "2018.05.25"]
[Round "10"]
[White "Weyerer, Noah"]
[Black "Schreidl, Michael"]
[Result "0-1"]
[Termination "normal"]
[Board "22"]
[WhiteElo "1263"]
[BlackElo "1325"]
[PlyCount "54"]
[WhiteFideId "16250664"]
[BlackFideId "16265750"]
[EventCountry "GER"]
[EventRounds "11"]
[EventType "swiss"]
[EventDate "2018.05.19"]

1. d4 Nf6 2. Bf4 d5 3. e3 c5 4. c3 Nc6 5. Nd2 e6 6. Ngf3 cxd4 7. exd4 Nh5 8.
Bg3 Nxg3 9. hxg3 Bd6 10. Bd3 f5 11. Qe2 Qe7 12. O-O-O Bd7 13. Ne1 O-O-O 14. Nc2
Kb8 15. g4 fxg4 16. Rxh7 Rxh7 17. Bxh7 e5 18. dxe5 Nxe5 19. Re1 g6 20. Rh1 Rh8
21. f4 gxf3 22. Nxf3 Ng4 23. Qxe7 Bxe7 24. Kd2 Nf6 25. Ng5 Nh5 26. Bxg6 Bxg5+
27. Kd3 Nf4+ 0-1

[Event "DEM U10 2018"]
[Site "Willingen GER"]
[Date "2018.05.25"]
[Round "10"]
[White "Müller, Mitja"]
[Black "Burkart, Lloyd Shang"]
[Result "0-1"]
[Termination "normal"]
[Board "23"]
[WhiteElo "1215"]
[BlackElo "1254"]
[PlyCount "38"]
[WhiteFideId "16265807"]
[BlackFideId "16239059"]
[EventCountry "GER"]
[EventRounds "11"]
[EventType "swiss"]
[EventDate "2018.05.19"]

1. d4 Nf6 2. e3 b6 3. Bd3 Bb7 4. Nf3 e6 5. O-O Be7 6. Nc3 O-O 7. b3 d5 8. Ne5
Nbd7 9. f4 c5 10. Qf3 Qc7 11. Qh3 Rac8 12. g4 Ne4 13. Nxe4 dxe4 14. Bb5 Nxe5
15. fxe5 cxd4 16. exd4 Qxc2 17. g5 Rc3 18. Qg4 e3 19. Re1 Qf2# 0-1

[Event "DEM U10 2018"]
[Site "Willingen GER"]
[Date "2018.05.25"]
[Round "10"]
[White "Hubert, Nikita"]
[Black "Pauscher, Moritz"]
[Result "0-1"]
[Termination "normal"]
[Board "24"]
[WhiteElo "1122"]
[BlackElo "1351"]
[PlyCount "104"]
[WhiteFideId "16235754"]
[BlackFideId "16265742"]
[EventCountry "GER"]
[EventRounds "11"]
[EventType "swiss"]
[EventDate "2018.05.19"]

1. d4 d5 2. Nf3 Nf6 3. Bf4 Bf5 4. e3 e6 5. c3 Bd6 6. Bd3 O-O 7. Nbd2 Qe7 8. Be2
Nbd7 9. O-O c5 10. Bxd6 Qxd6 11. Rc1 Rac8 12. h3 c4 13. b3 b5 14. b4 a6 15. Ra1
Nb6 16. Qc1 Ra8 17. Bd1 a5 18. bxa5 Rxa5 19. Nh4 Bg6 20. Nxg6 hxg6 21. Nf3 Nbd7
22. Qb2 Rb8 23. Qb4 Qxb4 24. cxb4 Ra7 25. Bc2 Kf8 26. Ne5 Nxe5 27. dxe5 Nd7 28.
f4 Ke7 29. Rfb1 Nb6 30. Kf2 Rd8 31. Rd1 Rh8 32. Kf3 Rh5 33. Rh1 Na4 34. g4 Rh8
35. Kg3 Rd7 36. Bxa4 bxa4 37. Rhc1 Rc8 38. Rab1 Rb7 39. b5 Rcb8 40. Rb4 Rxb5
41. Rxa4 Rb4 42. Ra7+ R8b7 43. Ra8 Rb8 44. Ra7+ Ke8 45. a4 R4b7 46. Ra6 Rb3 47.
Kf2 Kd8 48. Ra7 R3b7 49. Ra6 Kc7 50. a5 Rb2+ 51. Kf3 Ra2 52. e4 Rb3+ 0-1

[Event "DEM U10 2018"]
[Site "Willingen GER"]
[Date "2018.05.25"]
[Round "10"]
[White "Schüller, Julian"]
[Black "Fruth, David"]
[Result "1-0"]
[Termination "normal"]
[Board "25"]
[WhiteElo "1035"]
[BlackElo "1482"]
[PlyCount "49"]
[WhiteFideId "16265882"]
[BlackFideId "16257596"]
[EventCountry "GER"]
[EventRounds "11"]
[EventType "swiss"]
[EventDate "2018.05.19"]

1. d4 d5 2. Nf3 Nf6 3. e3 c5 4. b3 e6 5. Bb2 Nbd7 6. Nbd2 Be7 7. Bd3 O-O 8. O-O
b6 9. Ne5 Bb7 10. f4 Qc7 11. Rf3 c4 12. Nxd7 Qxd7 13. Be2 Rac8 14. c3 cxb3 15.
axb3 a5 16. Bd3 Ne4 17. c4 Nxd2 18. Qxd2 dxc4 19. Rh3 cxd3 20. Qxd3 h6 21. Qe2
Qc6 22. Qg4 f5 23. Qg3 Kh7 24. d5 Qxd5 25. Qxg7# 1-0

[Event "DEM U10 2018"]
[Site "Willingen GER"]
[Date "2018.05.25"]
[Round "10"]
[White "Henzgen, Pascal"]
[Black "Malchereck, Romeo"]
[Result "0-1"]
[Termination "normal"]
[Board "26"]
[WhiteElo "1223"]
[BlackElo "1184"]
[PlyCount "112"]
[WhiteFideId "16263138"]
[BlackFideId "16265831"]
[EventCountry "GER"]
[EventRounds "11"]
[EventType "swiss"]
[EventDate "2018.05.19"]

1. e4 c5 2. Nf3 d6 3. Bc4 Nf6 4. Nc3 g6 5. d3 Bg7 6. O-O O-O 7. Qd2 Nbd7 8. b3
a6 9. a4 Rb8 10. Rb1 Ne8 11. Bb2 Qa5 12. Rfe1 b5 13. axb5 axb5 14. Bd5 Rb6 15.
e5 Nxe5 16. Nxe5 dxe5 17. Be4 Nf6 18. Ra1 Qb4 19. Re2 c4 20. Ba3 Nxe4 21. Bxb4
Nxd2 22. Rxd2 cxd3 23. Rxd3 Bf5 24. Rd2 Rc6 25. Ra2 e4 26. Bxe7 Re8 27. Bb4
Bxc3 28. Bxc3 Rxc3 29. h3 e3 30. fxe3 Rexe3 31. Kf2 h5 32. Ra5 Re5 33. Ra2 g5
34. Ra7 Rxc2 35. Rxc2 Bxc2 36. Kf3 Bxb3 37. g4 Bd1+ 38. Kg3 hxg4 39. hxg4 Re3+
40. Kf2 Re2+ 41. Kf3 Re7+ 42. Kf2 Rxa7 43. Ke1 Rd7 44. Kf2 b4 45. Ke3 b3 46.
Ke4 b2 47. Kf5 b1=Q+ 48. Kxg5 Qg6+ 49. Kf4 Qxg4+ 50. Ke5 Re7+ 51. Kd6 Re6+ 52.
Kd7 Ba4+ 53. Kd8 Re8+ 54. Kc7 Qd7+ 55. Kb6 Qc6+ 56. Ka5 Qb5# 0-1

[Event "DEM U10 2018"]
[Site "Willingen GER"]
[Date "2018.05.25"]
[Round "10"]
[White "Fröhlich, Niklas"]
[Black "Toth, Luca"]
[Result "0-1"]
[Termination "normal"]
[Board "27"]
[WhiteElo "1147"]
[BlackElo "1218"]
[PlyCount "100"]
[WhiteFideId "16245016"]
[BlackFideId "16260228"]
[EventCountry "GER"]
[EventRounds "11"]
[EventType "swiss"]
[EventDate "2018.05.19"]

1. e4 e5 2. Nf3 Nc6 3. Bc4 Bc5 4. c3 Nf6 5. d4 exd4 6. cxd4 Bb4+ 7. Nc3 Nxe4 8.
O-O Bxc3 9. d5 Ne5 10. bxc3 Nxc4 11. Qd4 O-O 12. Qxe4 Nd6 13. Qd3 b6 14. Ng5 f5
15. Re1 h6 16. Nf3 Bb7 17. c4 Qf6 18. Bd2 Ne4 19. Bf4 d6 20. Nd4 Nc5 21. Qd1
Rfe8 22. Nb5 Rxe1+ 23. Qxe1 Nd3 24. Qd1 Nxf4 25. Nxc7 Rc8 26. Nb5 Rxc4 27. g3
Nxd5 28. Rb1 Nc3 29. Qc2 Rc5 30. Nxc3 Qxc3 31. Qa4 Qc1+ 32. Qd1 Qxd1+ 33. Rxd1
Bf3 34. Re1 Rd5 35. h3 Rd1 36. Rxd1 Bxd1 37. Kf1 b5 38. Ke1 Bf3 39. a3 a5 40.
Kd2 b4 41. axb4 axb4 42. Kd3 d5 43. Kc2 d4 44. Kd2 b3 45. Kc1 d3 46. h4 b2+ 47.
Kb1 d2 48. Ka2 d1=Q 49. g4 b1=R 50. h5 Qb3# 0-1

[Event "DEM U10 2018"]
[Site "Willingen GER"]
[Date "2018.05.25"]
[Round "10"]
[White "Ivanov, Alexander"]
[Black "Sinka, Silas"]
[Result "1/2-1/2"]
[Termination "normal"]
[Board "29"]
[WhiteElo "1155"]
[BlackElo "1186"]
[PlyCount "80"]
[WhiteFideId "34604472"]
[BlackFideId "16265823"]
[EventCountry "GER"]
[EventRounds "11"]
[EventType "swiss"]
[EventDate "2018.05.19"]

1. d4 e6 2. c4 d5 3. Nc3 Nf6 4. Bg5 Nbd7 5. e3 c5 6. Nf3 cxd4 7. exd4 Be7 8.
Be2 O-O 9. O-O dxc4 10. Bxc4 Nb6 11. Bd3 Nbd5 12. Nxd5 exd5 13. Bxf6 Bxf6 14.
Qc2 g6 15. Rfe1 Re8 16. Rxe8+ Qxe8 17. Re1 Qf8 18. Qa4 Be6 19. Ne5 Qe8 20. Bb5
Qf8 21. Nd7 Bxd7 22. Bxd7 Bxd4 23. Qxd4 Rd8 24. Qxd5 Qb4 25. Kf1 Qxb2 26. g3
Kg7 27. Re8 Qb1+ 28. Kg2 Rxe8 29. Bxe8 a5 30. Qxf7+ Kh6 31. Qb3 Qe4+ 32. Qf3
Qxe8 33. Qxb7 Qa4 34. Qb3 Qe4+ 35. Qf3 Qc2 36. Qd5 a4 37. a3 Qb2 38. Qf3 Qb3
39. Qe3+ Kg7 40. h4 h5 1/2-1/2

[Event "DEM U10 2018"]
[Site "Willingen GER"]
[Date "2018.05.26"]
[Round "11"]
[White "Kempe, Caius Emilian"]
[Black "Hagner, Bennet"]
[Result "1/2-1/2"]
[Termination "normal"]
[Board "1"]
[WhiteElo "1522"]
[BlackElo "1833"]
[WhiteClock "00:45:39"]
[BlackClock "00:16:48"]
[PlyCount "42"]
[WhiteFideId "16246861"]
[BlackFideId "16224477"]
[EventCountry "GER"]
[EventRounds "11"]
[EventType "swiss"]
[EventDate "2018.05.19"]

1. d4 {[%clk 1:15:52]} 1... d5 {[%clk 1:15:45]} 2. Bf4 {[%clk 1:16:06]} 2...
Nf6 {[%clk 1:15:28]} 3. c3 {[%clk 1:15:28]} 3... c6 {[%clk 1:15:24]} 4. e3 {
[%clk 1:14:58]} 4... Qb6 {[%clk 1:14:33]} 5. Qc2 {[%clk 1:13:50]} 5... Bg4 {
[%clk 1:13:13]} 6. Bd3 {[%clk 1:12:55]} 6... e6 {[%clk 1:12:32]} 7. Ne2 { [%clk
1:11:13]} 7... Nbd7 {[%clk 1:09:08]} 8. Ng3 {[%clk 1:08:37]} 8... c5 { [%clk
1:04:48]} 9. O-O {[%clk 1:07:50]} 9... c4 {[%clk 1:01:01]} 10. Be2 { [%clk
1:07:49]} 10... Bxe2 {[%clk 1:01:25]} 11. Qxe2 {[%clk 1:08:04]} 11... Rc8
{[%clk 0:42:12]} 12. Qc2 {[%clk 1:06:32]} 12... Be7 {[%clk 0:35:03]} 13. Nd2 {
[%clk 1:04:46]} 13... O-O {[%clk 0:34:41]} 14. e4 {[%clk 1:00:24]} 14... Nxe4 {
[%clk 0:30:12]} 15. Ndxe4 {[%clk 1:00:25]} 15... dxe4 {[%clk 0:30:32]} 16. Nxe4
{[%clk 1:00:43]} 16... Nf6 {[%clk 0:30:29]} 17. Bg5 {[%clk 0:59:23]} 17... Qd8
{[%clk 0:26:40]} 18. Bd2 {[%clk 0:53:46]} 18... Nxe4 {[%clk 0:25:57]} 19. Qxe4
{[%clk 0:51:45]} 19... Qd5 {[%clk 0:26:14]} 20. f3 {[%clk 0:46:10]} 20... Rfd8
{[%clk 0:19:09]} 21. Be3 {[%clk 0:45:39]} 21... Bf6 {[%clk 0:16:48]} 1/2-1/2

[Event "DEM U10 2018"]
[Site "Willingen GER"]
[Date "2018.05.26"]
[Round "11"]
[White "Möller, Maurin"]
[Black "Ermitsch, Magnus"]
[Result "0-1"]
[Termination "normal"]
[Board "3"]
[WhiteElo "1500"]
[BlackElo "1560"]
[WhiteClock "01:01:36"]
[BlackClock "00:49:12"]
[PlyCount "122"]
[WhiteFideId "16265696"]
[BlackFideId "16234464"]
[EventCountry "GER"]
[EventRounds "11"]
[EventType "swiss"]
[EventDate "2018.05.19"]

1. e4 {[%clk 1:15:59]} 1... c5 {[%clk 1:14:34]} 2. d4 {[%clk 1:16:24]} 2...
cxd4 {[%clk 1:13:57]} 3. c3 {[%clk 1:16:48]} 3... Nf6 {[%clk 1:13:30]} 4. e5 {
[%clk 1:17:10]} 4... Nd5 {[%clk 1:13:00]} 5. Nf3 {[%clk 1:17:30]} 5... e6 {
[%clk 1:11:52]} 6. cxd4 {[%clk 1:17:38]} 6... b6 {[%clk 1:10:40]} 7. Bc4 {
[%clk 1:17:26]} 7... Bb7 {[%clk 1:08:56]} 8. Nc3 {[%clk 1:14:59]} 8... Nxc3 {
[%clk 1:07:51]} 9. bxc3 {[%clk 1:15:22]} 9... Qc7 {[%clk 1:05:58]} 10. Qd3 {
[%clk 1:07:48]} 10... d5 {[%clk 1:04:08]} 11. Bb5+ {[%clk 1:05:34]} 11... Nc6 {
[%clk 1:03:32]} 12. O-O {[%clk 1:03:04]} 12... a6 {[%clk 1:03:54]} 13. Ba4 {
[%clk 1:03:13]} 13... b5 {[%clk 1:04:10]} 14. Bc2 {[%clk 1:03:15]} 14... Rc8 {
[%clk 1:02:54]} 15. a3 {[%clk 1:02:29]} 15... Na5 {[%clk 0:59:23]} 16. Ra2 {
[%clk 1:00:06]} 16... Qc4 {[%clk 0:56:46]} 17. Qxc4 {[%clk 0:59:21]} 17... Rxc4
{[%clk 0:55:03]} 18. Re1 {[%clk 0:58:19]} 18... Be7 {[%clk 0:47:01]} 19. Ng5 {
[%clk 0:56:58]} 19... h6 {[%clk 0:46:33]} 20. Nf3 {[%clk 0:57:18]} 20... Kd7 {
[%clk 0:45:20]} 21. Kf1 {[%clk 0:50:40]} 21... Rhc8 {[%clk 0:44:20]} 22. Bd2 {
[%clk 0:50:39]} 22... R4c7 {[%clk 0:42:47]} 23. Rc1 {[%clk 0:50:37]} 23... Nc4
{[%clk 0:42:41]} 24. a4 {[%clk 0:50:51]} 24... Nxd2+ {[%clk 0:42:43]} 25. Nxd2
{[%clk 0:51:14]} 25... Rxc3 {[%clk 0:42:54]} 26. axb5 {[%clk 0:51:25]} 26...
axb5 {[%clk 0:42:58]} 27. Rb2 {[%clk 0:51:32]} 27... Ba3 {[%clk 0:42:17]} 28.
Rxb5 {[%clk 0:51:54]} 28... Bxc1 {[%clk 0:42:40]} 29. Rxb7+ {[%clk 0:52:14]}
29... Kc6 {[%clk 0:42:12]} 30. Rxf7 {[%clk 0:52:01]} 30... Rxc2 {[%clk 0:42:07]
} 31. Nf3 {[%clk 0:52:15]} 31... Rc7 {[%clk 0:42:13]} 32. Rf8 {[%clk 0:52:29]}
32... Bb2 {[%clk 0:42:03]} 33. Ra8 {[%clk 0:52:47]} 33... Rc4 {[%clk 0:42:06]}
34. Ra6+ {[%clk 0:52:59]} 34... Kd7 {[%clk 0:42:26]} 35. Rd6+ {[%clk 0:53:16]}
35... Ke7 {[%clk 0:42:50]} 36. Nh4 {[%clk 0:53:25]} 36... R4c6 {[%clk 0:42:20]}
37. Ng6+ {[%clk 0:53:39]} 37... Ke8 {[%clk 0:42:42]} 38. Nf4 {[%clk 0:53:51]}
38... Rxd6 {[%clk 0:42:45]} 39. exd6 {[%clk 0:54:14]} 39... Rc6 {[%clk 0:42:53]
} 40. Nxe6 {[%clk 0:54:30]} 40... Rxd6 {[%clk 0:43:07]} 41. Nxg7+ { [%clk
0:54:46]} 41... Kf7 {[%clk 0:43:19]} 42. Nf5 {[%clk 0:55:10]} 42... Rf6 { [%clk
0:43:31]} 43. g4 {[%clk 0:55:27]} 43... Rxf5 {[%clk 0:43:37]} 44. gxf5 { [%clk
0:55:50]} 44... Bxd4 {[%clk 0:43:57]} 45. Ke2 {[%clk 0:56:10]} 45... Kf6 {[%clk
0:44:19]} 46. Kd3 {[%clk 0:56:28]} 46... Bxf2 {[%clk 0:44:38]} 47. h4 { [%clk
0:56:42]} 47... Kxf5 {[%clk 0:44:39]} 48. h5 {[%clk 0:57:01]} 48... d4 { [%clk
0:44:59]} 49. Ke2 {[%clk 0:57:25]} 49... Be3 {[%clk 0:45:23]} 50. Kd3 { [%clk
0:57:48]} 50... Kg5 {[%clk 0:45:46]} 51. Ke4 {[%clk 0:58:10]} 51... Kxh5 {[%clk
0:46:10]} 52. Kf3 {[%clk 0:58:34]} 52... Kg5 {[%clk 0:46:29]} 53. Ke4 { [%clk
0:58:59]} 53... h5 {[%clk 0:46:51]} 54. Kf3 {[%clk 0:59:24]} 54... h4 { [%clk
0:47:14]} 55. Ke4 {[%clk 0:59:48]} 55... Kg4 {[%clk 0:47:39]} 56. Kd3 { [%clk
0:59:56]} 56... h3 {[%clk 0:48:04]} 57. Ke2 {[%clk 1:00:18]} 57... h2 { [%clk
0:48:28]} 58. Kd3 {[%clk 1:00:43]} 58... h1=Q {[%clk 0:48:48]} 59. Ke2 { [%clk
1:01:05]} 59... Qe4 {[%clk 0:48:57]} 60. Ke1 {[%clk 1:01:29]} 60... d3 { [%clk
0:49:12]} 61. Kf1 {[%clk 1:01:36]} 61... Qh1# 0-1

[Event "DEM U10 2018"]
[Site "Willingen GER"]
[Date "2018.05.26"]
[Round "11"]
[White "von Mettenheim, Johannes"]
[Black "Costa, Leonardo"]
[Result "1-0"]
[Termination "normal"]
[Board "4"]
[WhiteElo "1581"]
[BlackElo "1848"]
[WhiteClock "00:16:27"]
[BlackClock "00:18:54"]
[PlyCount "101"]
[WhiteFideId "16244818"]
[BlackFideId "16213955"]
[EventCountry "GER"]
[EventRounds "11"]
[EventType "swiss"]
[EventDate "2018.05.19"]

1. d4 {[%clk 1:15:59]} 1... Nf6 {[%clk 1:15:50]} 2. c4 {[%clk 1:16:24]} 2... c5
{[%clk 1:16:02]} 3. d5 {[%clk 1:16:48]} 3... d6 {[%clk 1:16:20]} 4. Nc3 { [%clk
1:17:09]} 4... g6 {[%clk 1:16:40]} 5. Nf3 {[%clk 1:17:26]} 5... Bg7 { [%clk
1:16:57]} 6. e4 {[%clk 1:17:39]} 6... O-O {[%clk 1:17:11]} 7. Bd3 { [%clk
1:18:02]} 7... e6 {[%clk 1:17:01]} 8. O-O {[%clk 1:17:58]} 8... exd5 { [%clk
1:17:20]} 9. cxd5 {[%clk 1:18:14]} 9... Re8 {[%clk 1:17:01]} 10. h3 { [%clk
1:17:42]} 10... Na6 {[%clk 1:16:10]} 11. Bf4 {[%clk 1:13:43]} 11... Nc7 { [%clk
1:16:02]} 12. a4 {[%clk 1:13:17]} 12... b6 {[%clk 1:15:28]} 13. Nd2 { [%clk
1:10:45]} 13... Rb8 {[%clk 1:10:47]} 14. Nc4 {[%clk 1:10:05]} 14... Bf8 { [%clk
1:11:05]} 15. Re1 {[%clk 1:03:02]} 15... Ba6 {[%clk 1:08:38]} 16. Na3 { [%clk
0:56:49]} 16... Nfxd5 {[%clk 1:02:36]} 17. Nxd5 {[%clk 0:49:28]} 17... Nxd5
{[%clk 1:03:00]} 18. Bxd6 {[%clk 0:49:30]} 18... Bxd6 {[%clk 0:53:31]} 19. Bxa6
{[%clk 0:49:24]} 19... Nf4 {[%clk 0:52:28]} 20. Qf3 {[%clk 0:47:52]} 20... Qg5
{[%clk 0:48:43]} 21. Rad1 {[%clk 0:41:24]} 21... Rbd8 {[%clk 0:44:46]} 22. Bc4
{[%clk 0:34:00]} 22... Qf6 {[%clk 0:36:21]} 23. Nb5 {[%clk 0:29:15]} 23... Bb8
{[%clk 0:36:20]} 24. Nc3 {[%clk 0:26:18]} 24... Rd4 {[%clk 0:31:52]} 25. b3
{[%clk 0:22:47]} 25... Kg7 {[%clk 0:25:22]} 26. Nb5 {[%clk 0:18:05]} 26... Rxd1
{[%clk 0:18:51]} 27. Rxd1 {[%clk 0:18:28]} 27... Rd8 {[%clk 0:19:01]} 28. Rxd8
{[%clk 0:16:52]} 28... Qxd8 {[%clk 0:19:13]} 29. Nc3 {[%clk 0:16:38]} 29... Qd6
{[%clk 0:14:47]} 30. Nd5 {[%clk 0:13:22]} 30... Ne2+ {[%clk 0:13:06]} 31. Kf1 {
[%clk 0:12:34]} 31... Nd4 {[%clk 0:13:24]} 32. Qg4 {[%clk 0:10:06]} 32... Qh2 {
[%clk 0:12:16]} 33. f4 {[%clk 0:09:04]} 33... Qh1+ {[%clk 0:10:22]} 34. Kf2 {
[%clk 0:09:29]} 34... Nc2 {[%clk 0:08:48]} 35. Bf1 {[%clk 0:07:38]} 35... Nb4 {
[%clk 0:04:21]} 36. Ne3 {[%clk 0:05:03]} 36... Qh2 {[%clk 0:03:36]} 37. Nf5+ {
[%clk 0:04:22]} 37... Kf8 {[%clk 0:03:33]} 38. Ng3 {[%clk 0:04:37]} 38... Bd6 {
[%clk 0:03:24]} 39. Bc4 {[%clk 0:03:07]} 39... Be7 {[%clk 0:02:14]} 40. Qc8+ {
[%clk 0:02:39]} 40... Kg7 {[%clk 0:02:09]} 41. Qe8 {[%clk 0:02:55]} 41... Nd3+
{[%clk 0:02:30]} 42. Bxd3 {[%clk 0:02:15]} 42... Bh4 {[%clk 0:02:52]} 43. Qe5+
{[%clk 0:00:45]} 43... Kf8 {[%clk 0:01:55]} 44. f5 {[%clk 0:00:56]} 44... f6 {
[%clk 0:02:10]} 45. Qc7 {[%clk 0:00:33]} 45... Qh1 {[%clk 0:02:23]} 46. Bc4 {
[%clk 0:14:47]} 46... Bxg3+ {[%clk 0:17:33]} 47. Kxg3 {[%clk 0:15:02]} 47...
Qe1+ {[%clk 0:17:55]} 48. Kh2 {[%clk 0:15:23]} 48... Ke8 {[%clk 0:18:06]} 49.
Bf7+ {[%clk 0:15:41]} 49... Kf8 {[%clk 0:18:30]} 50. Be6 {[%clk 0:16:04]} 50...
Ke8 {[%clk 0:18:54]} 51. Qd7+ {[%clk 0:16:27]} 1-0